00297nam a2200121Ia 4500008004100000245003400041260001700075260000900092300000900101650002300110650001200133856003000145170516s9999 xx 000 0 und d aBursting Bubbles and Bilayers bTheranostics c2012 a2:12 xMedical Technology xMedtech uhttp://www.thno.org/v2i12